Second 'E' Countries Quiz Stats

Quiz Updated Mar 26, 2013

Challenge
Share
Tweet
Embed
Score 0/23 Timer 06:00
1 Play Today
% Correct
Germany
86.3%
Denmark
84.4%
Mexico
83.6%
Peru
83%
New Zealand
78.1%
Venezuela
77.4%
Belgium
76.9%
Yemen
76.2%
Kenya
75.3%
Netherlands
73.2%
Belize
72.1%
Senegal
72.1%
% Correct
Lesotho
69.4%
Lebanon
69%
Benin
68.7%
Nepal
67.7%
Belarus
66.3%
Serbia
65.9%
Democratic Republic of the Congo
60.8%
Seychelles
59.2%
Central African Republic
56.3%
Republic of the Congo
55.4%
Georgia
54.9%

You're not logged in!

Compare scores with friends on all Sporcle quizzes.
Sign Up with Email
OR
Log In

You Might Also Like...

Show Comments

Extras

Top Quizzes Today


Score Distribution

Your Account Isn't Verified!

In order to create a playlist on Sporcle, you need to verify the email address you used during registration. Go to your Sporcle Settings to finish the process.